Concrete Technology (Record no. 4833)

MARC details
000 -LEADER
fixed length control field 00353nam a22001577a 4500
005 - DATE AND TIME OF LATEST TRANSACTION
control field 20160630100303.0
008 - FIXED-LENGTH DATA ELEMENTS--GENERAL INFORMATION
fixed length control field 160630b xxu||||| |||| 00| 0 eng d
041 ## - LANGUAGE CODE
Language code of text/sound track or separate title eng
082 ## - DEWEY DECIMAL CLASSIFICATION NUMBER
Item number 12924
100 ## - MAIN ENTRY--AUTHOR NAME
Personal name Singh, Brinder
245 ## - TITLE STATEMENT
Title Concrete Technology
260 ## - PUBLICATION, DISTRIBUTION, ETC. (IMPRINT)
Name of publisher Katson
300 ## - PHYSICAL DESCRIPTION
Number of Pages 106
650 ## - SUBJECT ADDED ENTRY--TOPICAL TERM
Topical Term Diploma Engineering
942 ## - ADDED ENTRY ELEMENTS (KOHA)
Koha item type Books
Holdings
Lost status Damaged status Home library Current library Shelving location Date acquired Cost, normal purchase price Full call number Accession Number Koha item type
    JRU Library   SHELF-48-G 30/06/2016 180.00 12924 12924 Books
    JRU Library   SHELF-48-G 30/06/2016 180.00 12924 12925 Books
    JRU Library   SHELF-48-G 30/06/2016 180.00 12924 12926 Books
    JRU Library   SHELF-48-G 30/06/2016 180.00 12924 12927 Books
    JRU Library   SHELF-48-G 30/06/2016 180.00 12924 12928 Books
    JRU Library   SHELF-48-G 30/06/2016 180.00 12924 12929 Books
    JRU Library   SHELF-48-G 30/06/2016 180.00 12924 12930 Books
    JRU Library   SHELF-48-G 30/06/2016 180.00 12924 12931 Books
    JRU Library   SHELF-48-G 30/06/2016 180.00 12924 12932 Books
    JRU Library   SHELF-48-G 30/06/2016 180.00 12924 12933 Books
    JRU Library   SHELF-48-G 30/06/2016 180.00 12924 12934 Books
    JRU Library   SHELF-48-G 30/06/2016 180.00 12924 12935 Books
    JRU Library   SHELF-48-G 30/06/2016 180.00 12924 12936 Books
    JRU Library   SHELF-48-G 30/06/2016 180.00 12924 12937 Books
    JRU Library   SHELF-48-G 30/06/2016 180.00 12924 12938 Books
    JRU Library   SHELF-48-G 30/06/2016 180.00 12924 12939 Books
    JRU Library   SHELF-48-G 30/06/2016 180.00 12924 12940 Books
    JRU Library   SHELF-48-G 30/06/2016 180.00 12924 12941 Books
    JRU Library   SHELF-48-G 30/06/2016 180.00 12924 12942 Books
    JRU Library   SHELF-48-G 30/06/2016 180.00 12924 12943 Books
    JRU Library   SHELF-48-G 30/06/2016 180.00 12924 12944 Books
    JRU Library   SHELF-48-G 30/06/2016 180.00 12924 12945 Books
    JRU Library   SHELF-48-G 30/06/2016 180.00 12924 12946 Books
    JRU Library   SHELF-48-G 30/06/2016 180.00 12924 12947 Books
    JRU Library   SHELF-48-G 30/06/2016 180.00 12924 12948 Books
    JRU Library   SHELF-48-G 30/06/2016 180.00 12924 12950 Books
    JRU Library   SHELF-48-G 30/06/2016 180.00 12924 12951 Books
    JRU Library   SHELF-48-G 30/06/2016 180.00 12924 12952 Books
    JRU Library   SHELF-48-G 30/06/2016 180.00 12924 12953 Books
    JRU Library   SHELF-48-G 30/06/2016 180.00 12924 12954 Books